01004nam a2200241 a 4500001001000000003000500010005001700015008004100032010001100073011001100084040000900095100003200104245016700136260006000303500006000363502009700423650004700520650003500567650003600602650003800638856001600676856007000692000113497CHAP20250613133125.0170725s2016 mx a fsm |||||||spa d a109958 a110930 cCHAP1 aBenitez Marcial, Elizabeth.10aEfecto bioinsecticida de aceites esenciales y extractos de plantas en el control de Dysmicoccus brevipes en piña /h[En línea]cpor Elizabeth Benitez Marcial. aSan José Puyacatengo, Teapa, Tab. :bEl autor,c2016. aPara ver el contenido del material haga clic en la liga aTesis (Ing. Agr. Esp. en Zonas Tropicales) -- UACH. Unidad Regional Universitaria Sursureste14aAceites esenciales como control de plagas.14aControl biológico de plagas.14aInsecticidas de origen vegetal.17aPiña (Ananas comosus)xPlagas2 a1 n0000927 aFinding aiduhttp://10.13.5.2/tesis/sist113497.pdfzTeclea aquí